| 000 | 00404nam a22001571a 4500 | ||
|---|---|---|---|
| 082 |
_aM3 _bNAL/D |
||
| 100 |
_aNalini Bekkal _958859 |
||
| 245 |
_aDaivathinte swantham naattil/ _cby Nalini Bekkal |
||
| 260 |
_aThrissur: _bCurrent Books, _c1999. |
||
| 300 | _a88p. | ||
| 500 | _aN | ||
| 650 |
_aNovel Malayalam _958860 |
||
| 650 |
_aLiterature Malayalam _958861 |
||
| 650 |
_aLiterature _958862 |
||
| 942 | _cBK | ||
| 999 |
_c9696 _d9696 |
||